| 000 | 01222cab a2200205 4500 | ||
|---|---|---|---|
| 001 | ##L133417 | ||
| 008 | 060508n2006 000 0 eng u | ||
| 035 | _a(Sirsi) u133417 | ||
| 041 | 0 | _aeng | |
| 110 | 2 |
_aRoyal Institution of Chartered Surveyors _bPublic Affairs _94679 |
|
| 245 | 0 | 0 | _aRICS response to the government consultation paper on Planning-gain Supplement |
| 260 |
_aLondon _bRICS _c2006 |
||
| 490 | 0 |
_aRICS Website News _v1 March 2006 |
|
| 520 | _aProvides a chapter-by-chapter response to the consultation paper (L132415) with recommendations. RICS continues to maintain that the proposed scheme will do little to help in easing the supply of land for housing as it based on a misunderstanding of how land being brought forward for development, is valued , how planning gains arise and how the property market operates. Recommends a tariff-based system as a more workable and effective system. | ||
| 650 | 2 | 4 | _aPLANNING GAIN SUPPLEMENT |
| 690 | _aENVIRONMENTAL AND LAND CONSULTANCY-PLANNING AND DEVELOPMENT-PLANNING REFORM | ||
| 700 | 1 | _aCleghorn, Damian | |
| 856 | 4 | 0 |
_uhttps://www.rics.org/RICSWEB/getpage.aspx?p=h2NENZz-O0qQXMbgkW8rug _zView the response free of charge at www.rics.org... |
| 942 | _n0 | ||
| 999 |
_c76992 _d76992 |
||